| 000 | 01481ngm a2200385 a 4500 | ||
|---|---|---|---|
| 999 |
_c7579 _d7579 |
||
| 001 | 991043131939706706 | ||
| 003 | OSt | ||
| 005 | 20211221114152.0 | ||
| 008 | 120424s2012 spc||| | | v|cat|c | ||
| 035 | _a(ES-BaCBU).b52647778 | ||
| 035 | _a(OCoLC)1120361022 | ||
| 040 |
_aES-BaCBU _bcat _cCDMR |
||
| 080 | _a316.77 | ||
| 080 | _a301.153.2 | ||
| 245 | 0 | 4 |
_aUna Mirada crítica _h[Enregistrament de vídeo] : _bun (des)enfoc crític sobre els mitjans de comunicació / _cAulamèdia i Objectiu Comunicació presenten ; un reportatge de Francesc-Josep Deó i Dídac Roger |
| 260 |
_a[Barcelona] : _bAulamèdia, _c2012 |
||
| 300 |
_a1 videodisc (DVD) : _bcol. (PAL), so |
||
| 511 | 1 | _aAmb la participació i opinions de: Teun A. van Dijk, Vicent Partal, Elvira Altés, Xavier Giró i Roger Palà | |
| 650 | 0 | 4 |
_aMitjans de comunicació de massa _xCrítica |
| 650 | 0 | 0 |
_aAlfabetització mediàtica _94787 |
| 700 | 1 |
_aDeó, Francesc Josep _93704 |
|
| 700 | 1 | _aRoger, Dídac | |
| 700 | 1 |
_aDijk, Teun Adrianus van _93229 |
|
| 700 | 1 |
_aPartal, Vicent _93242 |
|
| 700 | 1 |
_aAltés, Elvira _91903 |
|
| 700 | 1 |
_aGiró, Xavier _9415 |
|
| 700 | 1 |
_aPalà, Roger _93344 |
|
| 710 | 2 | _aObjectiu Comunicació | |
| 710 | 2 | _aAulaMèdia (Associació) | |
| 856 |
_uhttps://vimeo.com/191026961 _zTambé en accés lliure |
||
| 907 |
_a.b52647778 _b07-06-21 _c24-04-12 _d24-04-12 _em _fg _g- _hcat _ispc _j0 _k1 |
||
| 908 |
_aUdG _aUAB _aURL _aMACBA _aFILMO |
||
| 940 | _aUAB | ||
| 942 |
_2udc _cADV |
||